|
|
|
|
| LEADER |
00000nab a2200000 a 4500 |
| 001 |
vtls009361285 |
| 003 |
SK-MaSNL |
| 005 |
20260426103054.0 |
| 008 |
250507c2008 xo |||||||||||000 b|slo |
| 015 |
|
|
|a SNBRB2008/11
|2 snkbucl
|
| 035 |
|
|
|a (sysno)vtls009361285
|
| 035 |
|
|
|a urn:nbn:sk:snk-ab6pg9
|
| 035 |
|
|
|a (uuid)59986f9d-b70c-4fa4-aa64-75c9272a2753
|
| 035 |
|
|
|a (urnnbn)urn:nbn:sk:snk:ar-005qc5
|
| 038 |
|
|
|a SNKBUCL
|
| 040 |
|
|
|a SNKBUCL
|b slo
|c SNKBUCL
|e AACR2
|
| 041 |
0 |
|
|a slo
|
| 044 |
|
|
|a xo
|c SK
|
| 080 |
|
|
|a 621.791:061.62:377
|x (437.6)
|2 2001
|
| 080 |
|
|
|a 377:621.791
|2 2001
|
| 080 |
|
|
|a 006.063
|2 2001
|
| 245 |
0 |
0 |
|a Spolupráca VÚZ - PI SR so zváračskými školami na Slovensku
|
| 300 |
|
|
|b Tab.
|
| 610 |
2 |
7 |
|a Výskumný ústav zváračský - Priemyselný inštitút SR (Bratislava, Slovensko)
|2 snkbucl
|9 36729
|
| 650 |
0 |
7 |
|a personálna certifikácia
|2 snkbucl
|9 1270519
|
| 650 |
0 |
7 |
|a zváračské školy
|2 snkbucl
|9 1348712
|
| 651 |
|
7 |
|a Bratislava (Slovensko)
|2 snkbucl
|9 14568
|
| 773 |
0 |
|
|t Zváranie = Svařování
|g Roč. 57, č. 8 (2008), s. 242-243
|x 0044-5525
|
| 850 |
|
|
|a Slovenská národná knižnica
|
| 852 |
|
|
|a Slovenská národná knižnica
|
| 954 |
|
|
|a odborná, vedecká literatúra pôvodná (slovenská)
|2 lita
|
| 958 |
|
|
|a article
|
| 958 |
|
|
|a OND
|
| 958 |
|
|
|a SK
|
| 958 |
|
|
|a EUIPO
|
| 999 |
|
|
|c 3274813
|d 3276743
|